000 00474nam a2200157 i 4500
001 28935
003 ES-MaACL
005 20230906153944.0
007 t|
008 030120s1918 sp ||||1| spa d
100 1 _aBaltá Elías, José.
_925118
245 1 0 _aMagnetoquímica de los cloruros de cromihidrinas
_b: (memoria) /
_cJosé Baltá Elías.
260 _aMadrid :
_b[s.n.,
_c1918] (
_fImp. Clásica Española)
300 _a59 p. :
_bil.
852 _aES-MaACL
_j1649-F-1
999 _c28935
_d28935